[Event "Cologno Monzese op 26th"]
[Site "Cologno Monzese"]
[Date "2007.09.21"]
[Round "2"]
[White "Fornari, Sergio"]
[Black "Gara, Giovanni"]
[Result "0-1"]
[WhiteElo "1418"]
[BlackElo "1467"]
[PlyCount "132"]
[EventDate "2007.09.14"]
[EventType "swiss"]
[EventRounds "6"]
[EventCountry "ITA"]
[SourceTitle "EXT 2024"]
[Source "ChessBase"]
[SourceDate "2023.10.10"]
[SourceVersion "1"]
[SourceVersionDate "2023.10.10"]
[SourceQuality "1"]

1. d4 d5 2. Nf3 Nf6 3. Nbd2 e6 4. e3 Be7 5. Bd3 0-0 6. 0-0 b6 7. Qe2 Nbd7 8. c3 Bb7 9. Re1 Ne4 10. Bc2 Bd6 11. Nxe4 dxe4 12. Nd2 f5 13. f4 exf3 14. Nxf3 e5 15. e4 f4 16. dxe5 Nxe5 17. Nxe5 Bxe5 18. Rf1 a5 19. Qg4 Qd6 20. Rf2 Rf6 21. Bd2 Raf8 22. Rd1 Qe7 23. Be1 Bd6 24. Qf3 Bc5 25. a3 Bxf2+ 26. Bxf2 Rg6 27. Bb3+ Kh8 28. Bd5 Bxd5 29. exd5 Rd6 30. c4 Qd7 31. c5 Rdf6 32. c6 Qd6 33. Re1 Rf5 34. Rd1 Rd8 35. Bh4 g5 36. Be1 Rxd5 37. Bc3+ Kg8 38. Re1 Qxc6 39. Qg4 h6 40. h4 Qg6 41. h5 Qf5 42. Qe2 Rd3 43. Qe7 Qc5+ 44. Qxc5 bxc5 45. Re7 R8d7 46. Re8+ Kf7 47. Rh8 R7d6 48. Rh7+ Ke8 49. Rxc7 f3 50. gxf3 Rxf3 51. Rxc5 a4 52. Re5+ Kd7 53. Ra5 Rg3+ 54. Kh2 Rg4 55. Ra7+ Ke6 56. Kh3 Re4 57. Kg3 Rd3+ 58. Kf2 Kf5 59. Rh7 g4 60. Rf7+ Kg5 61. Bg7 Kxh5 62. Bc3 Kg5 63. Rg7+ Kh5 64. Rg8 Kh4 65. Kg1 Re2 66. Rg6 Rd1+ 0-1